[Event "Novi Sad ol (Men)"]
[Site "Novi Sad"]
[Date "1990.??.??"]
[Round "7"]
[White "Djuric, Stefan"]
[Black "Correa, Aron A"]
[Result "1-0"]
[WhiteElo "2515"]
[BlackElo "2320"]

1.d4 Nf6 2.c4 g6 3.Nc3 Bg7 4.e4 d6 5.Nf3 O-O 6.Be2 e5 7.d5 Na6 8.Nd2 Ne8
9.h4 f5 10.h5 Nf6 11.hxg6 hxg6 12.exf5 gxf5 13.g3 Nc5 14.Nb3 Nce4 15.Nxe4 Nxe4
16.Qc2 Qf6 17.Nd2 Ng5 18.Nf3 Nxf3+ 19.Bxf3 e4 20.Be2 c6 21.Kf1 Bd7 22.Kg2 cxd5
23.cxd5 Rfc8 24.Qb3 Rc7 25.Bf4 Rac8 26.Rac1 Qxb2 27.Rxc7 Rxc7 28.Qxb2 Bxb2
29.Bxd6 Rc2 30.Bd1 Rc1 31.Bf4 Ra1 32.d6 Kg7 33.Bh6+ Kf6 34.Be3 Bc6 35.Rh6+ Kg7
36.Bh5 Bc1 37.Rg6+ Kh7 38.d7 Bxd7 39.Bd4 Rxa2 40.Rd6 e3 41.Bg6+  1-0

[Event "Novi Sad ol (Men)"]
[Site "Novi Sad"]
[Date "1990.??.??"]
[Round "8"]
[White "Yrjola, Jouni"]
[Black "Belotti, Bruno"]
[Result "1/2-1/2"]
[WhiteElo "2510"]
[BlackElo "2435"]

1.d4 Nf6 2.c4 g6 3.Nc3 Bg7 4.e4 d6 5.Be2 O-O 6.Nf3 e5 7.Be3 Ng4 8.Bg5 f6
9.Bh4 Nd7 10.O-O Nh6 11.Rb1 Kh8 12.dxe5 dxe5 13.b4 c6 14.c5 Nf7 15.Nd2 Qe7
16.Qc2 Rd8 17.Nb3 Nf8 18.Na4 Bh6 19.Nb2 Bg5 20.Bxg5 Nxg5 21.Nc4 Be6 22.f4 exf4
23.Rxf4 Bxc4 24.Bxc4 Nge6 25.Rf2 Nd4 26.Qc3 Nxb3 27.Bxb3 Nd7 28.Rbf1 Rf8
29.Rd2 Rad8 30.Rd6 Ne5 31.Rfd1 Rxd6 32.cxd6 Qd7 33.h3 Rd8 34.Qd4  1/2-1/2

[Event "Novi Sad ol (Men)"]
[Site "Novi Sad"]
[Date "1990.??.??"]
[Round "9"]
[White "Pritchett, Craig William"]
[Black "Djurhuus, Rune"]
[Result "1/2-1/2"]
[WhiteElo "2355"]
[BlackElo "2405"]

1.Nf3 Nf6 2.c4 g6 3.Nc3 Bg7 4.e4 d6 5.d4 O-O 6.Be2 e5 7.Be3 Nbd7 8.O-O a5
9.Qc2 Ng4 10.Bg5 f6 11.Bd2 exd4 12.Nxd4 Nc5 13.Nb3 Nxb3 14.Qxb3 f5 15.Bxg4 fxg4
16.Nd5 a4 17.Qc2 c6 18.Ne3 a3 19.Bc3 axb2 20.Bxb2 Bxb2 21.Qxb2 Qe7 22.Rfd1 Rf6
23.Rd4 h5 24.Rad1 Kh7 25.g3 Ra5 26.Qd2  1/2-1/2

[Event "Novi Sad ol (Men)"]
[Site "Novi Sad"]
[Date "1990.??.??"]
[Round "9"]
[White "Hernandez, Roman"]
[Black "Djuric, Stefan"]
[Result "0-1"]
[WhiteElo "2455"]
[BlackElo "2515"]

1.d4 Nf6 2.Nf3 g6 3.c4 Bg7 4.Nc3 O-O 5.e4 d6 6.Be2 c6 7.O-O e5 8.Be3 Ng4
9.Bg5 f6 10.Bh4 Qe8 11.d5 c5 12.Ne1 Nh6 13.Nd3 Na6 14.Rb1 g5 15.Bh5 Qd8 16.Bg3 Nb4
17.a3 Nxd3 18.Qxd3 a5 19.b4 axb4 20.axb4 f5 21.exf5 Ra3 22.Qd2 Bxf5 23.Nb5 Rd3
24.Qc1 cxb4 25.Rxb4 g4 26.Rd1 Qf6 27.c5 dxc5 28.Qxc5 Qg5 29.Nd6 Qxh5 30.Rxb7 e4
31.Qc7 Qg6 32.Nxf5 Nxf5 33.d6 Nxg3  0-1

[Event "Novi Sad ol (Men)"]
[Site "Novi Sad"]
[Date "1990.??.??"]
[Round "9"]
[White "Ostenstad, Berge"]
[Black "McNab, Colin Anderson"]
[Result "1/2-1/2"]
[WhiteElo "2425"]
[BlackElo "2385"]

1.Nf3 g6 2.d4 d6 3.c4 Nd7 4.Nc3 e5 5.e4 Bg7 6.Be2 Ngf6 7.O-O O-O 8.Qc2 c6
9.Rd1 Qc7 10.Rb1 Re8 11.b4 Nf8 12.a3 Bd7 13.dxe5 dxe5 14.h3 Ne6 15.Be3 Rad8
16.a4 b6 17.Qa2 Bc8 18.a5 Nd4 19.axb6 axb6 20.Nxd4 exd4 21.Bxd4 Ng4 22.Bxg4 Bxd4
23.Bxc8 Bxc3 24.Bg4 Rxd1+ 25.Bxd1 Rxe4 26.Bf3 Re6 27.Qc2 Bxb4 28.Rd1 Qe5
29.g3 Bc5 30.Kg2 Rf6 31.Rd2 Kg7 32.Qe4 Qxe4 33.Bxe4 b5 34.cxb5 cxb5 35.f4 b4
36.Rd7 b3 37.Rb7 Bb6 38.Kf3 Kf8 39.Rd7 Bc5 40.Rb7 Rb6 41.Rxb6 Bxb6 42.g4 Ke7
43.h4 h5 44.g5 Ke6 45.Bd3 b2 46.Bc4+ Ke7 47.Bd3 Ba5 48.Ke2 Ke6 49.Bb1 Bc3
50.Bc2 Kd5 51.Bb1 Kd4 52.Bc2 Bb4 53.f5 gxf5 54.Bxf5 Bf8 55.Bb1 Bg7 56.Kf3 Kc3  1/2-1/2

[Event "Novi Sad ol (Men)"]
[Site "Novi Sad"]
[Date "1990.??.??"]
[Round "10"]
[White "Low Pe Yeow"]
[Black "Ghinda, Mihail Viorel"]
[Result "1-0"]
[WhiteElo "2205"]
[BlackElo "2465"]

1.d4 Nf6 2.Nf3 g6 3.c4 Bg7 4.Nc3 O-O 5.e4 d6 6.Be2 e5 7.Be3 Ng4 8.Bg5 f6
9.Bc1 Nh6 10.h3 Kh8 11.Be3 Nd7 12.Qd2 Nf7 13.g4 exd4 14.Nxd4 Re8 15.f4 Nc5
16.Bf3 f5 17.exf5 Qh4+ 18.Kf1 gxf5 19.g5 Ne4 20.Nxe4 fxe4 21.Bf2 e3 22.Bxh4 exd2
23.Nb5 Bxb2 24.Rd1 c6 25.Nc7 Be6 26.Nxa8 Bxc4+ 27.Kg2 Bc3 28.Nc7 Rc8 29.Bf2 Rxc7
30.Be3 Bxa2 31.Bxd2 Bxd2 32.Rxd2 Bc4 33.Re1 b5 34.h4 Kg7 35.h5 Kf8 36.Kg3 Re7
37.Rxe7 Kxe7 38.Bxc6 a5 39.Bd5 a4 40.Bxc4 bxc4 41.Rd4 d5 42.Rxd5 Nd6 43.Ra5 c3
44.Rxa4 c2 45.Ra7+ Kd8 46.Ra1 Ne4+ 47.Kh4  1-0

[Event "Novi Sad ol (Men)"]
[Site "Novi Sad"]
[Date "1990.??.??"]
[Round "10"]
[White "Cooper, John Grantley"]
[Black "Roselli Mailhe, Bernardo"]
[Result "1/2-1/2"]
[WhiteElo "2390"]
[BlackElo "2365"]

1.d4 Nf6 2.c4 g6 3.Nc3 Bg7 4.e4 d6 5.Nf3 O-O 6.Be2 e5 7.d5 a5 8.Bg5 h6 9.Bh4 Na6
10.Nd2 Qe8 11.a3 Bd7 12.b3 Nh7 13.O-O h5 14.f3 Bh6 15.Rb1 Be3+ 16.Bf2 Bc5
17.Bxc5 dxc5 18.Qe1 Qe7 19.Nd1 b6 20.Nb2 Kg7 21.Nd3 f5 22.f4 fxe4 23.Nxe5 Bf5
24.Rc1 Nb8 25.Bd1 Nf6 26.Bc2 Nbd7 27.Bxe4 Nxe4 28.Nxd7 Qxd7 29.Nxe4 Bxe4
30.Qxe4 Rae8 31.Qd3 Qe7 32.Qc3+ Qf6 33.Qxf6+ Rxf6 34.Rc3 Re2 35.a4 Rf7 36.g3 Rfe7
37.Rcf3 Kf6 38.R1f2 Re1+ 39.Kg2 Kf5 40.h3 R7e3 41.Rxe3 Rxe3 42.Rf3 Re2+ 43.Rf2 Re3
44.Rf3 Re2+ 45.Rf2  1/2-1/2

[Event "Novi Sad ol (Men)"]
[Site "Novi Sad"]
[Date "1990.??.??"]
[Round "10"]
[White "Miralles, Gilles"]
[Black "Strikovic, Aleksa"]
[Result "0-1"]
[WhiteElo "2460"]
[BlackElo "2510"]

1.d4 Nf6 2.c4 g6 3.Nc3 Bg7 4.e4 d6 5.Nf3 O-O 6.Be2 e5 7.O-O Nbd7 8.Be3 Ng4
9.Bg5 f6 10.Bc1 Nh6 11.dxe5 dxe5 12.b3 c6 13.a4 a5 14.Ba3 Re8 15.Qc1 Nf7
16.Rd1 Bf8 17.c5 Qe7 18.Ne1 Nxc5 19.Qe3 b6 20.Nd3 Be6 21.Nxc5 bxc5 22.Na2 Red8
23.Qc3 Rd4 24.Rdc1 Rxe4 25.Bf3 Rd4 26.Bxc6 Rc8 27.Bb5 Qd8 28.Ba6 Rb8 29.Bb5 Nd6
30.Qxc5 Nxb5 31.Qxf8+ Qxf8 32.Bxf8 Kxf8 33.axb5 Rxb5 34.Rc7 Rxb3 35.Rxh7 Ra3
36.Rb1 Bf7 37.Rb8+ Ke7 38.Rb7+ Kd6 39.h3 Bxa2  0-1

[Event "Novi Sad ol (Men)"]
[Site "Novi Sad"]
[Date "1990.??.??"]
[Round "12"]
[White "Silva Sanchez, Carlos"]
[Black "Strikovic, Aleksa"]
[Result "1/2-1/2"]
[WhiteElo "2370"]
[BlackElo "2510"]

1.d4 Nf6 2.Nf3 g6 3.c4 Bg7 4.Nc3 O-O 5.e4 d6 6.Be2 e5 7.O-O Nbd7 8.Qc2 c6
9.d5 a5 10.dxc6 bxc6 11.Rd1 Qe7 12.Na4 Nc5 13.Nb6 Rb8 14.Nxc8 Rfxc8 15.Bg5 h6
16.Bxf6 Qxf6 17.Ne1 h5 18.Bf1 Bh6 19.g3 h4 20.Rab1 Rd8 21.Bh3 Kg7 22.Qe2 hxg3
23.hxg3 Rh8 24.Nd3 Be3 25.Qxe3 Rxh3 26.Nxc5 Rbh8 27.Kf1 dxc5 28.Ke2 Qe6 29.b3 Rh2
30.Qf3 a4 31.Rd3 axb3 32.axb3 Ra8 33.Rbd1 Ra2+ 34.R1d2 Rxd2+ 35.Rxd2 Rh8
36.g4 Rh4 37.Rd8 Qe7 38.Rd1 Qg5 39.Rd7 Qf6 40.Qxf6+ Kxf6 41.Rd6+ Kg5 42.Rxc6 Rh3
43.Rxc5 Rxb3 44.Rxe5+ Kxg4 45.Re7 Kf4 46.f3 f5 47.exf5 gxf5 48.c5 Rc3  1/2-1/2

[Event "Novi Sad ol (Men)"]
[Site "Novi Sad"]
[Date "1990.??.??"]
[Round "13"]
[White "Piket, Jeroen"]
[Black "Damljanovic, Branko"]
[Result "1-0"]
[WhiteElo "2495"]
[BlackElo "2515"]

1.d4 Nf6 2.c4 g6 3.Nc3 Bg7 4.e4 d6 5.Nf3 O-O 6.Be2 e5 7.O-O Nbd7 8.Qc2 c6
9.d5 Qc7 10.Be3 a6 11.Nd2 Ne8 12.b4 f5 13.f3 c5 14.Rab1 b6 15.Rb2 Ndf6 16.bxc5 bxc5
17.Rfb1 f4 18.Bf2 g5 19.Na4 g4 20.Nb6 Ra7 21.Nxc8 Qxc8 22.Be1 Bh6 23.Qa4 gxf3
24.Bxf3 Qc7 25.Qc6 Qd8 26.a4 Bg5 27.Rb8 Qe7 28.R8b7 Rxb7 29.Rxb7 Qd8 30.Qxa6 h5
31.h4 Bh6 32.Nb3 Ng4 33.Nxc5 Qc8 34.Nd7 Rf7 35.Qc6 Qa8 36.a5 Kg7 37.a6  1-0

[Event "Nuernberg"]
[Site "Nuernberg"]
[Date "1990.??.??"]
[Round "?"]
[White "Wirthensohn, Heinz"]
[Black "Brunner, Lucas"]
[Result "0-1"]
[WhiteElo "2410"]
[BlackElo "2525"]

1.Nf3 Nf6 2.c4 g6 3.Nc3 Bg7 4.e4 d6 5.d4 O-O 6.Be2 e5 7.Be3 exd4 8.Nxd4 Re8
9.f3 c6 10.Qd2 d5 11.exd5 cxd5 12.O-O dxc4 13.Bxc4 a6 14.Rfd1 Nbd7 15.Bf2 b6
16.Nb3 Bb7 17.Qf4 Qe7 18.Re1 Ne5 19.Bf1 b5 20.Nc5 Nd5 21.Nxd5 Bxd5 22.a4 Bc6
23.axb5 axb5 24.Rxa8 Rxa8 25.Nb3 Bd7 26.Nd4 Ra2 27.Qd2 Qd6 28.Rd1 Nc4 29.Bxc4 bxc4
30.Qc2 Qb4 31.Rb1 Bxd4 32.Bxd4 Bf5 33.Qe2 Bxb1  0-1

[Event "Nuremberg op"]
[Site "Nuremberg"]
[Date "1990.??.??"]
[Round "6"]
[White "Barlov, Dragan"]
[Black "Pichler, Juergen"]
[Result "1-0"]
[WhiteElo "2520"]
[BlackElo "2325"]

1.d4 Nf6 2.Nf3 g6 3.c4 Bg7 4.Nc3 O-O 5.e4 d6 6.Be2 e5 7.dxe5 dxe5 8.Qxd8 Rxd8
9.Bg5 Rf8 10.Nd5 Nxd5 11.cxd5 c6 12.Bc4 cxd5 13.Bxd5 Nc6 14.O-O-O Bg4 15.h3 Bxf3
16.gxf3 Nd4 17.Kb1 Nxf3 18.Be3 Rfd8 19.Bxb7 Rab8 20.Rxd8+ Rxd8 21.Bd5 Rd7
22.Rc1 Bf8 23.Rc8 Kg7 24.Bc6 Rd1+ 25.Kc2 Rd6 26.Bxa7 Nd4+ 27.Bxd4 exd4 28.Kd3 Rf6
29.Kxd4 Rxf2 30.Rb8 Bd6 31.Rb7 Kf6 32.Bd5 Be5+ 33.Ke3 Rxb2 34.Rxf7+ Kg5 35.Rxh7 Rc2
36.h4+ Kg4 37.Be6+ Kg3 38.h5 g5 39.h6 Rh2 40.Kd3 Kf3 41.Rf7+ Bf4 42.h7 g4
43.Bd5 Rh5 44.Kd4 Kg3 45.a4 Be5+ 46.Kc4 Kh4 47.Rf5 Bh8 48.Rxh5+ Kxh5 49.a5  1-0

[Event "Wch U26"]
[Site "Odessa"]
[Date "1990.??.??"]
[Round "2"]
[White "Neverov, Valeriy"]
[Black "Bernal Moro, Luis Javier"]
[Result "1-0"]
[WhiteElo "2505"]
[BlackElo "2380"]

1.d4 Nf6 2.c4 g6 3.Nc3 Bg7 4.e4 d6 5.Nf3 O-O 6.Be2 Nbd7 7.O-O e5 8.Qc2 c6
9.Rd1 Qe7 10.d5 c5 11.Bg5 h6 12.Bd2 Ne8 13.g3 Ndf6 14.Rab1 Nh7 15.b4 Ng5
16.Nxg5 hxg5 17.bxc5 dxc5 18.f3 f5 19.a4 Nd6 20.Nb5 g4 21.Nxd6 Qxd6 22.fxg4 f4
23.gxf4 exf4 24.Bf3 Bd4+ 25.Kg2 Qf6 26.Rb3 Bd7 27.Rxb7 Rf7 28.Qb3 Rh7 29.Rb8+ Be8
30.Be1 Qh8 31.Rxd4 Rxh2+ 32.Kg1 Qh3 33.Rd3 Ra2 34.Rxe8+  1-0

[Event "Orange op"]
[Site "Orange"]
[Date "1990.??.??"]
[Round "1"]
[White "Moskalenko, Viktor"]
[Black "Courrier, Arnaud"]
[Result "1-0"]
[WhiteElo "2525"]
[BlackElo "1700"]

1.d4 Nf6 2.Nf3 g6 3.c4 Bg7 4.Nc3 d6 5.e4 O-O 6.Be2 Nbd7 7.O-O e5 8.Qc2 exd4
9.Nxd4 Nc5 10.Rd1 Qe7 11.f3 Ne6 12.Be3 Nd7 13.Qd2 Ndc5 14.b4 Nxd4 15.Bxd4 Bxd4+
16.Qxd4 Ne6 17.Nd5 Qg5 18.Qc3 f5 19.exf5 Rxf5 20.Qd2 Nf4 21.Nxf4 Qxf4 22.Bd3 Qxd2
23.Rxd2 Re5 24.Be4 Rb8 25.c5 dxc5 26.Rd8+ Kf7 27.Re1 Re8 28.Bxg6+  1-0

[Event "Ostend op"]
[Site "Ostend"]
[Date "1990.??.??"]
[Round "?"]
[White "Winants, Luc"]
[Black "Visser, Yge"]
[Result "1/2-1/2"]
[WhiteElo "2455"]
[BlackElo "2340"]

1.d4 Nf6 2.c4 g6 3.Nc3 Bg7 4.e4 d6 5.Be2 O-O 6.Nf3 Na6 7.O-O e5 8.Re1 c6
9.Bf1 exd4 10.Nxd4 Ng4 11.h3 Qb6 12.hxg4 Qxd4 13.g5 Qxd1 14.Rxd1 Nc5 15.f3 Be5
16.Be3 a5 17.Rac1 a4 18.Rc2 f5 19.gxf6 Rxf6 20.Ne2 Ne6 21.Kf2 g5 22.g3 c5
23.Bg2 Bd7 24.Bd2 Bc6 25.Ke1 Nd4 26.Nxd4 Bxg3+ 27.Ke2 cxd4 28.Bxg5 Rg6 29.Bc1 Rf8
30.Kd3 Be5 31.Rf1 Rg3 32.Bh1 Rf6 33.Rg2 Rfg6 34.Rff2 Kf7 35.Bd2 Ke7 36.Ke2 b5
37.b3 axb3 38.axb3  1/2-1/2

[Event "Ostend op"]
[Site "Ostend"]
[Date "1990.??.??"]
[Round "?"]
[White "Rapatinski, Konstantin"]
[Black "Piket, Jeroen"]
[Result "0-1"]
[WhiteElo "2280"]
[BlackElo "2495"]

1.Nf3 g6 2.c4 Bg7 3.Nc3 d6 4.d4 Nf6 5.e4 O-O 6.Be2 e5 7.dxe5 dxe5 8.Qxd8 Rxd8
9.Bg5 c6 10.Nxe5 Re8 11.O-O-O Na6 12.Nf3 Bg4 13.Bd3 Nc5 14.h3 Be6 15.b3 Nfd7
16.Kc2 Nxd3 17.Rxd3 Nc5 18.Re3 b5 19.Nd2 bxc4 20.bxc4 h6 21.Bf4 Rad8 22.Rb1 f5
23.f3 g5 24.Bh2 f4 25.Re2 Rd3 26.Na4 Rxd2+ 27.Rxd2 Nxa4 28.Rb7 Nb6 29.Bg1 Nxc4
30.Rd3 a5 31.Bc5 a4 32.Ra7 Rb8 33.Kc1 Ne5 34.Ra3 Nd7 35.Bd6 Bb2+ 36.Kc2 Bxa3
37.Bxb8 Nxb8  0-1

[Event "Pamplona"]
[Site "Pamplona"]
[Date "1990.??.??"]
[Round "?"]
[White "Polgar, Zsuzsa"]
[Black "Romero Holmes, Alfonso"]
[Result "1/2-1/2"]
[WhiteElo "2510"]
[BlackElo "2475"]

1.d4 Nf6 2.Nf3 g6 3.c4 Bg7 4.Nc3 O-O 5.e4 d6 6.Be2 Nbd7 7.O-O e5 8.Be3 c6
9.d5 c5 10.Ne1 Ne8 11.a3 f5  1/2-1/2

[Event "Pamplona"]
[Site "Pamplona"]
[Date "1990.??.??"]
[Round "?"]
[White "Illescas Cordoba, Miguel"]
[Black "Romero Holmes, Alfonso"]
[Result "1/2-1/2"]
[WhiteElo "2535"]
[BlackElo "2475"]

1.d4 Nf6 2.Nf3 g6 3.c4 Bg7 4.Nc3 O-O 5.e4 d6 6.Be2 e5 7.O-O Nbd7 8.Qc2 Nh5
9.Rd1 Nf4 10.Bf1 c5 11.dxe5 dxe5 12.Bxf4 exf4 13.Nd5 g5 14.g3 fxg3 15.hxg3 Ne5
16.Nxe5 Bxe5 17.Bd3 Qd7 18.Be2 Qe6 19.Qd2 f6 20.Rab1 Bd4 21.Qd3 Qe5 22.Kg2 f5
23.f4 fxe4 24.Qb3 Qg7 25.Rf1 Be6 26.fxg5 Bxd5 27.cxd5 Qxg5 28.d6+ Kh8 29.Rxf8+ Rxf8
30.Rf1 Rg8 31.Rf4 Qxf4 32.Qxg8+ Kxg8 33.gxf4 Bxb2 34.Bc4+ Kf8 35.Bd5 b5 36.Bxe4 h6
37.Kf3 c4 38.Ke2 Ba3 39.Bc6 a6 40.Bb7 b4 41.Bxa6 c3 42.Kd1 b3 43.axb3 Bxd6
44.Kc2  1/2-1/2

[Event "Pamplona"]
[Site "Pamplona"]
[Date "1990.??.??"]
[Round "?"]
[White "Gomez Esteban, Juan Mario"]
[Black "Romero Holmes, Alfonso"]
[Result "0-1"]
[WhiteElo "2415"]
[BlackElo "2475"]

1.d4 Nf6 2.Nf3 g6 3.c4 Bg7 4.Nc3 O-O 5.e4 d6 6.Be2 Nbd7 7.O-O e5 8.Re1 c6
9.Bf1 a6 10.a3 b5 11.h3 Bb7 12.dxe5 dxe5 13.Be3 Qe7 14.Qc2 Nh5 15.Rad1 Nf4
16.b4 Ne6 17.Qb3 Kh8 18.c5 Rad8 19.Rd6 Nd4 20.Qd1 Nxf3+ 21.Qxf3 Rfe8 22.Red1 Kg8
23.a4 Nf8 24.axb5 axb5 25.Nxb5 cxb5 26.Bxb5 Rc8 27.Rd7 Nxd7 28.Rxd7 Qe6 29.Rxb7 Rb8
30.Bd7 Qe7 31.Rxb8 Rxb8 32.c6 Rxb4 33.Qd1 Qd8 34.Qd6 Rc4 35.Qd5 Rc3 36.Bd2 Ra3
37.Bb4 Ra1+ 38.Kh2 Qf6 39.Bd2 Qxf2 40.c7 Qg1+ 41.Kg3 Ra3+ 42.Kh4 Qf2+ 43.g3 Qxg3+  0-1

[Event "Paris-ch"]
[Site "Paris"]
[Date "1990.??.??"]
[Round "?"]
[White "Lukasiewicz, Grzegorz"]
[Black "Lamoureux, Charles"]
[Result "1/2-1/2"]
[WhiteElo "2320"]
[BlackElo "2255"]

1.d4 Nf6 2.Nf3 g6 3.c4 Bg7 4.Nc3 O-O 5.e4 d6 6.Be2 e5 7.dxe5 dxe5 8.Qxd8 Rxd8
9.O-O Re8 10.Nd5 Na6 11.Nxf6+ Bxf6 12.Be3 c5 13.Rfd1 b6 14.Rd6 Bg7 15.Ne1 Nb4
16.Bd1 Bf8 17.Rd2 Be6 18.Ba4 Red8 19.a3 Rxd2 20.Bxd2 Na6 21.b3 Rd8 22.Bc3 f6
23.Bc6 Nc7 24.f3 Bh6 25.Kf1 Bf4 26.g3 Be3 27.h4 Rd6 28.Bd5 Bxd5 29.exd5 Rd7
30.Nd3 Bd4 31.Bxd4 exd4 32.a4 a5 33.Re1 Kf7 34.Nf4 Ne8 35.Kf2 Ng7  1/2-1/2

[Event "Paris-ch"]
[Site "Paris"]
[Date "1990.??.??"]
[Round "?"]
[White "Dunnington, Angus J"]
[Black "Lanka, Zigurds"]
[Result "1/2-1/2"]
[WhiteElo "2370"]
[BlackElo "2480"]

1.d4 Nf6 2.Nf3 g6 3.c4 Bg7 4.Nc3 O-O 5.e4 d6 6.Be2 e5 7.d5 Nbd7 8.Nd2 a5
9.h4 Nc5 10.h5 c6 11.Qc2 a4 12.Nf1 cxd5 13.cxd5 Bd7 14.hxg6 fxg6 15.f3 Nh5
16.g3 b5 17.Be3 Qa5 18.Qd2 Rfc8 19.Nd1 b4 20.Bh6 Bxh6 21.Qxh6 Nf6 22.Nd2 Bb5
23.Qe3 Rc7 24.O-O Ncd7 25.Bd3 Rac8 26.Nf2 Nh5 27.Kg2 Qa6 28.Rfb1 Bxd3 29.Nxd3 Qb5
30.Rc1 Rc2 31.Rxc2 Rxc2 32.Rc1 b3 33.axb3 axb3 34.Rxc2 bxc2 35.Nc1 Qxb2 36.Nc4 Qb4
37.Na3 Nc5 38.Nxc2 Qb2 39.Qd2 Nf6 40.Nd3 Nxd3 41.Qxd3 Nd7  1/2-1/2

[Event "Paris-ch"]
[Site "Paris"]
[Date "1990.??.??"]
[Round "?"]
[White "Fayard, Alain"]
[Black "Schmidt, Kresten"]
[Result "1-0"]
[WhiteElo "2255"]
[BlackElo "2330"]

1.d4 Nf6 2.c4 g6 3.Nc3 Bg7 4.e4 d6 5.Nf3 O-O 6.Be2 Nbd7 7.O-O e5 8.Re1 c6
9.Bf1 a5 10.Rb1 exd4 11.Nxd4 Nc5 12.Bg5 h6 13.Bh4 Re8 14.Nb3 Ne6 15.Qd2 a4
16.Na1 a3 17.b3 g5 18.Bg3 Nh5 19.Nc2 Nxg3 20.hxg3 Nc5 21.Nd4 Qf6 22.Rbd1 Qg6
23.Re3 Bd7 24.Rde1 g4 25.b4 Na6 26.Nf5 Be5 27.c5 d5 28.Bxa6 bxa6 29.Nh4 Qf6
30.Na4 Rad8 31.Nb6 Be6 32.exd5 Bxd5 33.Qe2  1-0

[Event "World op"]
[Site "Philadelphia"]
[Date "1990.??.??"]
[Round "2"]
[White "Dlugy, Maxim"]
[Black "Zlotnikov, Mikhail"]
[Result "1/2-1/2"]
[WhiteElo "2525"]
[BlackElo "2315"]

1.d4 g6 2.c4 Bg7 3.Nc3 d6 4.e4 Nd7 5.Nf3 e5 6.Be2 Ngf6 7.O-O O-O 8.Be3 c6
9.d5 c5 10.g3 a6 11.Nh4 Ne8 12.Qc2 Ndf6 13.f3 Nc7 14.a3 Nh5 15.Ng2 Bh3 16.Nd1 b5
17.b3  1/2-1/2

[Event "World op"]
[Site "Philadelphia"]
[Date "1990.??.??"]
[Round "5"]
[White "Browne, Walter S"]
[Black "Yermolinsky, Alex"]
[Result "1-0"]
[WhiteElo "2560"]
[BlackElo "2535"]

1.d4 Nf6 2.c4 g6 3.Nc3 Bg7 4.e4 d6 5.Nf3 O-O 6.Be2 e5 7.O-O Nbd7 8.Be3 h6
9.dxe5 dxe5 10.Nd2 Nh7 11.c5 Ng5 12.Bc4 Nf6 13.f3 c6 14.Nb3 Qe7 15.Qc2 Ne6
16.Rad1 Re8 17.Rf2 Nh5 18.Rfd2 Kh7 19.Ne2 Bf6 20.Kh1 Bg5 21.Qc3 Bf6 22.Qc1 Bg7
23.Na5 Nxc5 24.Bxc5 Qxc5 25.Bxf7 Qxc1 26.Nxc1 Rf8 27.Bb3 Bf6 28.Nxb7 Bg5
29.Rd6 Bxb7 30.Rd7+ Kh8 31.Rxb7  1-0

[Event "URS-chT"]
[Site "Podolsk"]
[Date "1990.??.??"]
[Round "?"]
[White "Skudnov, Sergej"]
[Black "Kovalev, Andrei"]
[Result "1/2-1/2"]
[WhiteElo "2330"]
[BlackElo "2500"]

1.d4 Nf6 2.c4 g6 3.Nc3 Bg7 4.e4 d6 5.Nf3 O-O 6.Be2 Nbd7 7.O-O e5 8.Qc2 c6
9.Rd1 Qe7 10.Rb1 a5 11.b3 h6 12.Bf1 Re8 13.dxe5 dxe5 14.h3 Nh5 15.g3 Bf8
16.Na4 Qf6 17.Qe2 Qg7 18.Nh2 Nhf6 19.Bg2 b5 20.cxb5 cxb5 21.Qxb5 Ba6 22.Qxa5 Be2
23.Qe1 Bxd1 24.Qxd1 Nc5 25.Nxc5 Bxc5 26.b4 Reb8 27.a3 Bf8 28.Nf1 Ne8 29.Ne3 Nc7
30.Ng4 h5 31.Qd7 hxg4 32.Qxc7 Rc8 33.Qb7 Rab8 34.Qa6 Rc2 35.Be3 gxh3 36.Bxh3 Ra2
37.Bf1 Be7 38.Bc4 Rc2 39.Bd5 Rc3 40.Rb3 Rxb3 41.Bxb3 Qf6 42.Qxf6 Bxf6 43.Bc5 Bg7
44.Kf1 Bf8 45.Be3 Ra8 46.b5 Rxa3 47.Bd5 Bd6 48.b6 Kg7 49.g4 f6 50.b7 Ra5
51.Bb6 Ra6 52.Be3 Ra5 53.Bb6 Ra6 54.Be3 Bb8 55.Ke2 Ra1 56.Kd3 Kf8 57.Bc5+ Ke8
58.Bc6+ Kd8 59.Bb6+ Ke7 60.Bc5+ Ke6 61.Kc4 Rb1 62.Be3 Rg1 63.Bd5+ Kd7 64.Kb5 Rb1+
65.Kc4 Rb2 66.Kc3 Rb1 67.Kc4 Kc7 68.g5 fxg5 69.Bxg5 Ba7 70.Bh4 Kd6 71.Kc3 Rh1
72.Bg3 g5 73.Kd2 Ra1 74.Ke2 Ra3 75.Kf1 Rf3 76.Kg2 g4 77.Bc4 Rf8 78.Bd5 Bd4
79.Bc4 Rb8 80.Bd5 Rf8 81.Bc4 Kc6 82.Bd5+ Kc7 83.Bh4 Bc5 84.Bg3 Bd6 85.Bh4 Rf3
86.Bg3 Rc3 87.Bh4 Kd7 88.Bg5 Kc7 89.Be3 Bc5 90.Kg3  1/2-1/2

[Event "URS-chT"]
[Site "Podolsk"]
[Date "1990.??.??"]
[Round "?"]
[White "Doroshkievich, Vladimir K"]
[Black "Yuneev, Alexey"]
[Result "1/2-1/2"]
[WhiteElo "2375"]
[BlackElo "2380"]

1.d4 Nf6 2.c4 g6 3.Nc3 Bg7 4.e4 d6 5.Be2 O-O 6.Nf3 e5 7.d5 a5 8.Be3 Ne8 9.Nd2 f5
10.exf5 gxf5 11.f4 Nf6 12.O-O Kh8 13.Qe1 Na6 14.h3 Qe7 15.Nf3 Bd7 16.Rd1 Rae8
17.Rd2  1/2-1/2

[Event "URS-ch (Women)"]
[Site "Podolsk"]
[Date "1990.??.??"]
[Round "3"]
[White "Borulia, Ekaterina"]
[Black "Umanskaya, Irina"]
[Result "1/2-1/2"]
[WhiteElo "2100"]
[BlackElo "2190"]

1.d4 Nf6 2.c4 g6 3.Nc3 Bg7 4.e4 d6 5.Nf3 O-O 6.Be2 e5 7.d5 Na6 8.Bg5 h6 9.Bh4 g5
10.Bg3 Nh5 11.h4 Nxg3 12.fxg3 gxh4 13.Nxh4 Qg5 14.g4 Bf6  1/2-1/2

[Event "URS-ch (Women)"]
[Site "Podolsk"]
[Date "1990.??.??"]
[Round "12"]
[White "Borulia, Ekaterina"]
[Black "Arakhamia, Ketevan"]
[Result "0-1"]
[WhiteElo "2100"]
[BlackElo "2380"]

1.d4 Nf6 2.c4 g6 3.Nc3 Bg7 4.e4 d6 5.Nf3 O-O 6.Be2 e5 7.d5 a5 8.Bg5 h6 9.Bh4 Na6
10.Nd2 Qe8 11.O-O Bd7 12.Nb5 Qb8 13.b3 c6 14.Nc3 g5 15.Bg3 cxd5 16.Nxd5 Nxd5
17.cxd5 b5 18.Bg4 Ra7 19.Re1 Bxg4 20.Qxg4 Nb4 21.Rec1 Rc7 22.Rxc7 Qxc7 23.a4 Qc3
24.Qd1 bxa4 25.Rxa4 Qd3 26.Ra1 h5 27.f3 Nc2 28.Nc4 Qxb3 29.Nxa5 Qb2 30.Rb1 Qa2
31.Bf2 g4 32.fxg4 Bh6 33.Nc6 Be3 34.Ne7+ Kh7 35.g5 Bxf2+ 36.Kxf2 Qa7+ 37.Kg3 Qe3+
38.Kh4 Qxe4+ 39.Kh3 Kg7 40.Qf3 Qxf3+ 41.gxf3 Nd4 42.Kg2 Ra8 43.Rb6 Kf8 44.Nc6 Ra2+
45.Kg3 Nf5+ 46.Kh3 Ne3 47.g6 fxg6 48.Kh4 Kg7 49.Ne7 Rxh2+ 50.Kg3 Nf1+  0-1

[Event "URS-ch (Women)"]
[Site "Podolsk"]
[Date "1990.??.??"]
[Round "14"]
[White "Borsuk, Angela"]
[Black "Matveeva, Svetlana"]
[Result "0-1"]
[WhiteElo "2165"]
[BlackElo "2370"]

1.d4 Nf6 2.Nf3 d6 3.c4 g6 4.Nc3 Bg7 5.e4 O-O 6.Be2 e5 7.O-O exd4 8.Nxd4 Re8
9.f3 c6 10.Kh1 Nbd7 11.Bg5 h6 12.Bf4 Ne5 13.Qd2 Kh7 14.Rfd1 Qe7 15.Bf1 Bd7
16.Nb3 Bf8 17.Rac1 Nh5 18.Be3 Be6 19.Na4 c5 20.Qf2 Bg7 21.Nd2 f5 22.Qe1 Rad8
23.Nc3 Qf7 24.b3 a6 25.Be2 f4 26.Bf2 Nc6 27.Bd3 Bd4 28.Bxd4 Nxd4 29.Ne2 Nc6
30.Nb1 Ne5 31.Nbc3 g5 32.Nd5 b5 33.Nec3 b4 34.Ne2 Rb8 35.Bc2 a5 36.Rd2 Kh8
37.Rcd1 Rf8 38.Nc1 g4 39.Qf1 g3 40.h3 Qg7 41.Nd3 Rb7 42.Qg1 Nxd3 43.Rxd3 Rg8
44.R3d2 Qe5 45.Qe1 Ng7 46.Re2 Bc8 47.Qd2 Ne6 48.Bb1 Nd4 49.Nxf4 Rf7 50.Nd3 Qh5
51.Ne1 Bxh3 52.gxh3 Qxh3+ 53.Kg1 Nxe2+ 54.Qxe2 g2 55.Nxg2 Rfg7 56.Rd2 Rxg2+
57.Qxg2 Rxg2+ 58.Rxg2 Qxf3 59.Bc2 Qc3 60.Re2 Qa1+ 61.Kf2 Qxa2 62.Bd1 Qa1
63.Rd2 Qe5  0-1

[Event "URS-ch (Women)"]
[Site "Podolsk"]
[Date "1990.??.??"]
[Round "16"]
[White "Borsuk, Angela"]
[Black "Semenova, Lidia K"]
[Result "1/2-1/2"]
[WhiteElo "2165"]
[BlackElo "2350"]

1.d4 g6 2.c4 Bg7 3.Nc3 d6 4.e4 Nd7 5.Be2 e5 6.Nf3 Ngf6 7.O-O O-O 8.Be3 Ng4
9.Bg5 f6 10.Bd2 Nh6 11.Qc1 Nf7 12.dxe5 dxe5 13.Rd1 c6 14.Be3 Qe7 15.Qc2 Re8
16.a3 Nf8 17.Nd2 Ne6 18.Nb3 Bh6 19.Bxh6 Nxh6 20.Qd2 Nf7 21.Bf1 Nf4 22.Qe3 Be6
23.Nc5 b6 24.Nxe6 Nxe6 25.Ne2 Red8 26.g3 Qc5 27.b4 Qxe3 28.fxe3 Nd6 29.Nc3 Ng5
30.Bd3 Kg7 31.h4 Ne6 32.Be2 h5 33.Rd2 Nf7 34.Rad1 Rxd2 35.Rxd2 Rd8 36.Rxd8 Nfxd8
37.Bd1 Kf7 38.Kf2 Ke7 39.Ke2 Kd6 40.Kd3 Nc7 41.g4 hxg4 42.Bxg4 Nde6 43.h5 gxh5
44.Bxh5 a5 45.Na4 axb4 46.axb4 b5 47.c5+ Ke7 48.Nc3 Kf8 49.Bg4 Kg7 50.Ne2 Kh6
51.Ng3 Kg5 52.Bxe6 Nxe6 53.Nf5 Nd8 54.Ne7  1/2-1/2

[Event "Porz Citroen-Cup"]
[Site "Porz"]
[Date "1990.??.??"]
[Round "5"]
[White "Rechmann, Peter"]
[Black "Uhlmann, Wolfgang"]
[Result "0-1"]
[WhiteElo "2355"]
[BlackElo "2505"]

1.d4 Nf6 2.c4 g6 3.Nc3 Bg7 4.e4 d6 5.Be2 O-O 6.Nf3 e5 7.Be3 h6 8.O-O Ng4
9.Bc1 Nc6 10.d5 Ne7 11.Ne1 h5 12.h3 Nh6 13.Nd3 f5 14.Bd2 fxe4 15.Nxe4 Nef5
16.Bg5 Qe8 17.Qd2 Nd4 18.Bxh5 gxh5 19.Bxh6 Qg6  0-1

[Event "Porz op24"]
[Site "Porz"]
[Date "1990.??.??"]
[Round "6"]
[White "Rechmann, Peter"]
[Black "Berg, Michael"]
[Result "1/2-1/2"]
[WhiteElo "2355"]
[BlackElo "2265"]

1.c4 Nf6 2.Nc3 g6 3.e4 d6 4.d4 Bg7 5.Nf3 O-O 6.Be2 e5 7.Be3 Ng4 8.Bg5 f6
9.Bc1 Nc6 10.d5 Ne7 11.h3 Nh6 12.b4 Nf7 13.a4 f5 14.a5 c6 15.O-O fxe4 16.Nxe4 Bf5
17.Ng3 cxd5 18.cxd5 Qd7 19.Nh4 Rfc8 20.Nhxf5 Nxf5 21.Ne4 Qe7 22.Bg4 Rc4 23.Bxf5 gxf5
24.Ng3 f4 25.Nf5 Qf6 26.Qg4 Rac8 27.Bd2 Ng5 28.Nxg7 Qxg7 29.Rac1 Rxc1 30.Rxc1 Rxc1+
31.Bxc1 h6 32.f3 Qc7 33.Bxf4 exf4 34.h4 Qe7 35.hxg5 hxg5  1/2-1/2

[Event "Vysehrad-B"]
[Site "Prague"]
[Date "1990.??.??"]
[Round "1"]
[White "Mozny, Milos"]
[Black "Spacek, Petr"]
[Result "1/2-1/2"]
[WhiteElo "2375"]
[BlackElo "2410"]

1.d4 Nf6 2.c4 g6 3.Nf3 Bg7 4.Nc3 O-O 5.e4 d6 6.Be2 e5 7.O-O exd4 8.Nxd4 Nbd7
9.Be3 c6 10.Qd2 Re8 11.f3 Nb6 12.Rad1 d5  1/2-1/2